000
00306nam a22001337a 4500
008
170606b xxu||||| |||| 00| 0 eng d
020
_a
0080331580
041
_a
eng
080
_2
2ND
_a
94(7/8)
100
_a
18
101
_a
SHH
245
_a
CUBA FROM COLUMBUS TO CASTRO
_c
SUCHLICKI,J
942
_2
udc
_c
BK
999
_c
16049
_d
16049